| 000 | 00456nam a2200181Ia 4500 | ||
|---|---|---|---|
| 003 | GCL | ||
| 008 | 140319s9999 xx 000 0 eng d | ||
| 040 |
_aGCL / _cGCL |
||
| 082 | 0 | 4 |
_a822.33 _bK S |
| 100 | 1 | _aKAMPS, IVO | |
| 245 | 1 | 0 |
_aSHAKESPEARE LEFT AND RIGHT / _cKAMPS, IVO |
| 260 |
_a[S.N] : _bROUTLEDGE ، _c1991 |
||
| 650 | 0 | 4 | _aSHAKESPEARE, WILLIAM |
| 650 | 0 | 4 | _aSOCIAL VIEWS |
| 650 | 0 | 4 | _aENGLISH HISTORY |
| 650 | 0 | 4 | _aPOLICY |
| 942 |
_2ddc _cBK |
||
| 999 |
_c24098 _d24098 |
||